000 00902nam a2200289 i 4500
001 11363
003 ES-MaACL
005 20230906150103.0
007 t|
008 921027s1992 sp |||| | spa j
020 _a84-7100-572-7
080 _a327(520:7/8)(091)
080 _a9(=1.520:7/8)
080 _a325.25(=1.520:7/8)(091)
100 1 _aYanaguida, Toshio.
_9117548
245 1 0 _aJaponeses en América /
_cToshio Yanaguida, Mª Dolores Rodríguez del Alisal.
260 _aMadrid :
_bMapfre,
_c[1992]
300 _a348 p ;
_c23 cm.
490 1 _aAmérica, crisol de pueblos ;
_v5
500 _aÍndices.
504 _aBibliografía: p. [333]-338.
650 1 4 _aJaponeses-
_zAmérica-
_vHistoria.
_913930
700 1 _aRodríguez del Alisal, María Dolores.
_998481
830 0 _aAmérica, crisol de pueblos ;
_v5
_9179025
852 _aES-MaACL
_jL-18688
999 _c11363
_d11363